Thèse No. 115 pour le doctorat en médecine présentée et sutenue le 24 juin 1857 par N.- Anacharsis Leroy Desplantes, né à Nantes (Loire-Inférieure), ex interne des Hôpitaux civils de Nantes, ex-chef des cliniques médicale et chirurgicale à l'École de Médecine de même ville. Du diabète. Le candidat répondra aux questions qui lui seront faites sur les diverses parties de l'enseignement médical

Detalles Bibliográficos
Autor principal: Leroy Desplantes, N. Anarcharsis
Formato: Libro
Lenguaje:French
Publicado: Paris 1857
Materias:
Colección:Banco de datos
Acervo:Biblioteca Pública Central del Estado de Durango. Lic. José Ignacio Gallegos Caballero. Colección José Fernando Ramírez
Descripción Física:44 p. 4°
Tema general:Medicina
Notas:Portada con pleca. Encuadernación en cartón con lomo en piel. Sello en tinta de la Biblioteca Pública del Estado de Durango
LEADER 01065nam a22001810004500
035 |a 2629 
041 0 |a fre 
100 1 |a Leroy Desplantes, N. Anarcharsis 
245 1 0 |a Thèse No. 115 pour le doctorat en médecine présentée et sutenue le 24 juin 1857 par N.- Anacharsis Leroy Desplantes, né à Nantes (Loire-Inférieure), ex interne des Hôpitaux civils de Nantes, ex-chef des cliniques médicale et chirurgicale à l'École de Médecine de même ville. Du diabète. Le candidat répondra aux questions qui lui seront faites sur les diverses parties de l'enseignement médical 
260 |a Paris  |b Rignoux, imprimeur de la Faculté de Médecine  |c 1857 
300 |a 44 p.  |c 4° 
500 |a Portada con pleca. Encuadernación en cartón con lomo en piel. Sello en tinta de la Biblioteca Pública del Estado de Durango 
501 |a 13 obras 
650 1 0 |a Medicina 
949 |a CR. 3677-K 
942 |c DURANRAM 
943 |g Biblioteca Pública Central del Estado de Durango. Lic. José Ignacio Gallegos Caballero. Colección José Fernando Ramírez 
999 |c 1079559  |d 1079559